The noble scholar, jurist, historian


 His Excellency Dr. Abdul Wahhab bin Ibrahim Abu Sulaiman, may Allah have mercy on him.


 He was born in Umm Al-Qura in the year 1356 AH.

زورق الخائض في علم الفرائض على منظومة محمد بن المختار بن حميد القلاوي / (Record no. 7238)

MARC details
000 -LEADER
fixed length control field 01406cam a22002891i 4500
003 - CONTROL NUMBER IDENTIFIER
control field SA-RiAUC
005 - DATE AND TIME OF LATEST TRANSACTION
control field 20250420152331.0
008 - FIXED-LENGTH DATA ELEMENTS--GENERAL INFORMATION
fixed length control field 241124s1993 su g 000 0 ara c
040 ## - CATALOGING SOURCE
Original cataloging agency MA-HhKAF
Language of cataloging ara
Transcribing agency SA-RiAUC.
Description conventions rda
072 #7 - SUBJECT CATEGORY CODE
Subject category code MAI
082 04 - DEWEY DECIMAL CLASSIFICATION NUMBER
Classification number 253.901
Assigning agency SA-RiAUC
090 ## - LOCALLY ASSIGNED LC-TYPE CALL NUMBER (OCLC); LOCAL CALL NUMBER (RLIN)
Classification number (OCLC) (R) ; Classification number, CALL (RLIN) (NR) 253.901
Local cutter number (OCLC) ; Book number/undivided call number, CALL (RLIN) ا ب ن ا
100 1# - MAIN ENTRY--PERSONAL NAME
Personal name ابن أنجاك، أحمد
Relator term مؤلف.
245 10 - TITLE STATEMENT
Title زورق الخائض في علم الفرائض على منظومة محمد بن المختار بن حميد القلاوي /
Statement of responsibility, etc. تأليف سيدي أحمد بن أنجاك. ويليه كتاب مجداف الزورق / تأليف خطري ولد محمد أحمد.
264 #1 - PRODUCTION, PUBLICATION, DISTRIBUTION, MANUFACTURE, AND COPYRIGHT NOTICE
Place of production, publication, distribution, manufacture جدة، السعودية :
Name of producer, publisher, distributor, manufacturer مؤسسة المدينة للصحافة،
Date of production, publication, distribution, manufacture, or copyright notice 1993
300 ## - PHYSICAL DESCRIPTION
Extent 137 صفحة ؛
Dimensions 24 سم
336 ## - CONTENT TYPE
Content type term نص
Content type code txt
Source rdacontent
Materials specified كتاب
337 ## - MEDIA TYPE
Media type term بدون وسيط
Media type code n
Source rdamedia
338 ## - CARRIER TYPE
Carrier type term مجلد
Carrier type code nc
Source rdacarrier
650 #7 - SUBJECT ADDED ENTRY--TOPICAL TERM
Topical term or geographic name entry element المواريث (فقه إسلامي)
Source of heading or term aucsh
700 12 - ADDED ENTRY--PERSONAL NAME
Personal name القلاوي، محمد بن المختار بن حميد
Title of a work منظومة محمد بن المختار بن حميد القلاوي.
700 12 - ADDED ENTRY--PERSONAL NAME
Personal name أحمد، خطري ولد محمد.
Title of a work مجداف الزروق.
740 02 - ADDED ENTRY--UNCONTROLLED RELATED/ANALYTICAL TITLE
Uncontrolled related/analytical title منظومة محمد بن المختار بن حميد القلاوي.
740 02 - ADDED ENTRY--UNCONTROLLED RELATED/ANALYTICAL TITLE
Uncontrolled related/analytical title مجداف الزورق.
942 ## - ADDED ENTRY ELEMENTS (KOHA)
Source of classification or shelving scheme Dewey Decimal Classification
Koha item type Books
Suppress in OPAC No
949 ## - LOCAL PROCESSING INFORMATION (OCLC)
a SA-JeALM
d 241124
u mohamedma123
n 1
Holdings
Withdrawn status Lost status Source of classification or shelving scheme Damaged status Not for loan Home library Current library Date acquired Total checkouts Full call number Barcode Date last seen Price effective from Koha item type
    Dewey Decimal Classification     DR AbdElwahab Library DR AbdElwahab Library 04/20/2025   253.901 ا ب ن ا 000012046 04/20/2025 04/20/2025 Books